| 000 | 00823cam a22001814a 4500 | ||
|---|---|---|---|
| 005 | 20250605164348.0 | ||
| 008 | 250528s ||||||||||||||||||||||||d | ||
| 035 | _a24040 | ||
| 040 |
_aGR-AtMCL _bgre _dGR-AtMCL _eAACR2 |
||
| 245 | 1 | _aAchieving the Impossible / Exploring New Strategies to Boost Capacity with the World's Most Efficient Single Runway Airport | |
| 260 |
_bInternational Airport Review, _c2019 |
||
| 300 | _a64 | ||
| 520 | _aKeeping up with the Trends, The Global Challenge of Securing the Sustainable Growth of Aviation, A New Era for Aberdeen, Utilising Existing Assets, Airport Show, A Smaller Solution for Optimising Operations, Investment Drives Seamless Experience, Visualisation and Simulation. | ||
| 700 | 1 |
_aCaplain Thibaut _99369 |
|
| 942 | _cCR | ||
| 999 |
_c8941 _d8941 |
||